Things by Cropped Image - Statistics

General Stats
  • This quiz has been taken 41 times
  • The average score is 9 of 10
Answer Stats
Picture Answer % Correct
Rose
100%
Cow
97%
Earth
97%
Basketball
92%
Bicycle
92%
Spongebob
92%
Strawberry
92%
Eiffel Tower
89%
Scissors
89%
Hamburger
87%
No matching quizzes found
Score Distribution
Percent of People with Each Score
Percentile by Number Answered
Your Score History
You have not taken this quiz